Introduction to the h-Principle /
Libro dedicado a métodos topológicos para resolver ecuaciones diferenciales y desigualdades. Contenido: Aproximación holonómica; Relaciones diferenciales y el principio h de Gromov; Principio homotópico en geometría simpléctica; Integración convexa.
-д хадгалсан:
| Үндсэн зохиолч: | |
|---|---|
| Бусад зохиолчид: | |
| Формат: | Ном |
| Хэл сонгох: | англи |
| Хэвлэсэн: |
Providence, EUA :
American Mathematical Society,
2002, c2002
|
| Цуврал: | (Graduate Studies in Mathematics ;
48) |
| Нөхцлүүд: | |
| Шошгууд: |
Шошго байхгүй, Энэхүү баримтыг шошголох эхний хүн болох!
|
MARC
| LEADER | 00000nam^a2200000^a^4500 | ||
|---|---|---|---|
| 001 | 000153077 | ||
| 005 | 20250521000000.0 | ||
| 009 | 20260310100305.74 | ||
| 020 | |a 0-8218-3227-1 | ||
| 037 | |a Acervo ITESO - Biblioteca | ||
| 041 | |a ING | ||
| 082 | |a 516. 36 |b ELI | ||
| 100 | |a Eliashberg, Y. |e (autor) | ||
| 245 | 1 | 0 | |a Introduction to the h-Principle / |c Y. Eliashberg, N. Mishachev. |
| 264 | 4 | |a Providence, EUA : |b American Mathematical Society, |c 2002, c2002 | |
| 300 | |a XVII, 206 p. | ||
| 336 | |a texto |b txt |2 rdacontenido | ||
| 337 | |a sin mediación |b n |2 rdamedio | ||
| 338 | |a volumen |b nc |2 rdasoporte | ||
| 440 | 1 | |a (Graduate Studies in Mathematics ; |v 48) | |
| 520 | |a Libro dedicado a métodos topológicos para resolver ecuaciones diferenciales y desigualdades. Contenido: Aproximación holonómica; Relaciones diferenciales y el principio h de Gromov; Principio homotópico en geometría simpléctica; Integración convexa. | ||
| 649 | |a XX | ||
| 650 | |a Desigualdades (Matemáticas) | ||
| 650 | |a Ecuaciones Diferenciales - |x Soluciones Numéricas | ||
| 650 | |a Variedades Diferenciables | ||
| 650 | |a Variedades (Matemáticas) | ||
| 650 | |a Inmersiones (Matemáticas) | ||
| 650 | |a Homotopía - |x Teoría | ||
| 650 | |a Topología | ||
| 650 | |a Geometría Diferencial | ||
| 650 | |a Matemáticas | ||
| 700 | |a Mishachev, Nikolai |e (autor) | ||
| 910 | |a Fondo General | ||
| 920 | |a Impresos - Libros | ||
| 930 | |a Colección General | ||
| 905 | |a 101 | ||
| 901 | |a 0500081632 |b IT1 |c ACC |u 20250521 | ||
| 902 | |a https://opac.biblio.iteso.mx/vufind/Record/000153077 | ||